| 000 | 00879nam a22002537a 4500 | ||
|---|---|---|---|
| 999 |
_c5485 _d5485 |
||
| 003 | OSt | ||
| 005 | 20220419083654.0 | ||
| 008 | 220419b ||||| |||| 00| 0 eng d | ||
| 020 | _a0406353093 | ||
| 020 | _a9780406353092 | ||
| 020 | _a 0406353085 | ||
| 020 | _a 9780406353085 | ||
| 040 | _cALUPE UNIVERSITY | ||
| 050 |
_aKD3168 _b.R43 1988 |
||
| 100 | _aAlexander Redgrave; | ||
| 245 |
_aRedgrave's health and safety in factories _b 2nd cumulative supplement _cIan Fife, E. Anthony Machin consulting editors and Shaun Thorpe, Peter Stickland. |
||
| 250 | _a 2nd ed | ||
| 260 |
_aLondon : _bButterworth, _c c1988. |
||
| 300 |
_aviii, B483 pages : _b illustrations, forms ; _c 18 cm |
||
| 650 | _a Factory laws and legislation -- Great Britain. Factory laws and legislation. Great Britain. | ||
| 700 | _a Ian Fife; | ||
| 700 | _aE Anthony Machin | ||
| 942 |
_2lcc _cBK _nBA |
||